|
|
|
|
| LEADER |
00000nab a2200000 a 4500 |
| 001 |
vtls010552895 |
| 003 |
SK-MaSNL |
| 005 |
20260429170406.0 |
| 008 |
131023c2012 xo r 100 00slo |
| 015 |
|
|
|a SNBRA2013/10SVKPO
|
| 038 |
|
|
|a SVKPO
|
| 040 |
|
|
|a SVKPOCL
|b slo
|c SVKPOCL
|e AACR2
|
| 041 |
0 |
|
|a slo
|b eng
|
| 044 |
|
|
|a xo
|c SK
|
| 080 |
|
|
|a 14(38)
|2 2001
|
| 080 |
|
|
|a 123.1
|2 2001
|
| 080 |
|
|
|a 141.131
|2 2001
|
| 080 |
|
|
|a 37
|2 2001
|
| 100 |
1 |
|
|a Cepko, Jaroslav,
|d 1976-
|4 aut
|9 74069
|
| 245 |
1 |
0 |
|a Diogenés v otroctve - kto je pán a kto je otrok?
|c Jaroslav Cepko
|
| 504 |
|
|
|a Bibliogr. odkazy
|
| 546 |
|
|
|a Abstr. angl.
|
| 600 |
1 |
7 |
|a Diogenes zo Sinope,
|d 412-323 pr. n. l.
|2 svkpocl
|9 611267
|
| 650 |
0 |
7 |
|a klasická grécka filozofia
|2 svkpocl
|9 66922
|
| 650 |
0 |
7 |
|a kynizmus
|2 svkpocl
|9 148694
|
| 650 |
0 |
7 |
|a sloboda
|2 svkpocl
|9 2170
|
| 650 |
0 |
7 |
|a výchova
|2 svkpocl
|9 957
|
| 655 |
|
7 |
|a štúdie
|2 svkpocl
|9 57033
|
| 773 |
0 |
|
|t Sloboda a jej projekcie : zborník vedeckých príspevkov z jubilejného 10. výročného stretnutia Slovenského filozofického združenia spojeného s medzinárodnou konferenciou / Pavol Sucharek (ed.)
|d Prešov : Prešovská univerzita, Filozofická fakulta, 2012
|g S. 80-85
|z 9788055506197
|
| 852 |
|
|
|a SVKPO
|b KIS3GCP
|
| 958 |
|
|
|a SK
|
| 958 |
|
|
|a NB
|
| 999 |
|
|
|c 3333591
|d 3335521
|